000 00773nam a2200289Ia 4500
005 20260324112131.0
008 008 260324s9999 xx 000 0 eng d
020 _a9781003253068
037 _aEBOOK
040 _aCRL
040 _beng
040 _cCRL
041 _2eng
041 _aeng
084 _qCRL
100 _aAnĂ¡lia Torres; Paula Campos Pinto; Jeff Hearn; Tamara Shefer
_91141434
245 0 _aRoutledge International Handbook of Feminisms and Gender Studies
245 0 _bConvergences, Divergences, and Pluralities
260 _bTaylor and Francis
260 _c2024
365 _a
365 _b340
856 _uhttp://www.taylorfrancis.com/books/9781003253068
942 _cEBOOK
999 _c1730526
_d1730526